India's strategic culture: (Record no. 76523)

MARC details
000 -LEADER
fixed length control field 00599nam a22001817a 4500
005 - DATE AND TIME OF LATEST TRANSACTION
control field 20130610110152.0
010 ## - LCCN (DPL NO)
LC control number ENG-107571
020 ## - INTERNATIONAL STANDARD BOOK NUMBER
International Standard Book Number 9780415832083
Terms of availability 695.00
035 ## - SYSTEM CONTROL NUMBER
System control number EN-91104
037 ## - SOURCE OF ACQUISITION
Source of stock number/acquisition DBAD/PUB
100 ## - MAIN ENTRY--PERSONAL NAME
Personal name Pranjpe, Shrikant
245 ## - TITLE STATEMENT
Title India's strategic culture:
Statement of responsibility, etc by Shrikant Pranjpe
Remainder of title the making of national security policy /
260 ## - PUBLICATION, DISTRIBUTION, ETC. (IMPRINT)
Place of publication, distribution, etc New Delhi
Name of publisher, distributor, etc Routledge
Date of publication, distribution, etc 2013
270 ## - ADDRESS
Address 912, Tolstoy House, 15-17 Tolstoy Marg, Connaught Place
City New Delhi
Postal code 110001
300 ## - PHYSICAL DESCRIPTION
Extent xv,184p.
Dimensions 23cm(Hb)
500 ## - GENERAL NOTE
General note Includes bibliographical references and index
942 ## - ADDED ENTRY ELEMENTS (KOHA)
Source of classification or shelving scheme Dewey Decimal Classification
Item type English Books
Call number suffix PAR
Holdings
Withdrawn status Lost status Not for loan Collection code Home library Current library Date acquired Source of acquisition Cost, normal purchase price Full call number Barcode Copy number Cost, replacement price Koha item type
    Not For Loan Non-fiction D.B.Act.Division D.B.Act.Division 10/06/2013 DBAD / PUB 695.00 PAR EN-91104 1 695.00 English Books

© Delhi Public Library
Hit Counter
free hit counter